Gran enciclopedia del Perú (Registro nro. 212)

Detalles MARC
000 -Cabecera
Campo de control interno 00583nam a2200217Ia 4500
005 - Fecha y hora del registro
control field 20251203123019.0
008 - Elementos de Longitud Fija
fixed length control field 251203t1998||||xx |||||||||||||| ||spa||
020 ## - ISBN
ISBN 9972625133
041 ## - Idioma
Codigo Idioma ESP
082 ## - DEWEY y NOTACIÓN INTERNA
Dewey RE 918.5
Notación Interna L539
110 ## - AUTOR INSTTITUCIONAL
Autor Institucional Lexus Editores
245 #0 - TÍTULO DE MATERIAL BIBLIOGRÁFICO
Título Gran enciclopedia del Perú
Título paralelo
260 ## - CIUDAD, EDITORIAL, AÑO
Ciudad Barcelona :
Nombre de la Editorial Lexus Editores
Año 1998
300 ## - DESCRIPCIÓN
N° Páginas 1069 páginas :
Otros detalles ilustraciones ;
Dimensiones 27 cm.
Material Adicional
440 ## - MENCIÓN DE SERIE
Título de la Serie
Número de Serie
Volumen de Serie
650 ## - TEMAS
Temas Geografía
653 ## - DESCRIPTORES
Lenguajes no controlado Geografía y viajes en América del Sur; Enciclopedia
654 ## - PROGRAMAS
Programa Todos los programas
942 ## - ELEMENTOS DE KOHA
Tipo de documento Enciclopedia
Nombre del creador Justo Noguera
Código de catalogador Mirtha Ponce
Esquema de clasificación Dewey Decimal Classification
Suppress in OPAC
Existencias
Codigo completo Registro Colección Copia número Disponibilidad Tipo de préstamo Biblioteca Actual Procedencia (Biblioteca) Ubicacón Fecha Ingreso Tipo de Adquisición Date last seen Total checkouts Price effective from Tipo de Item Estado del Material Fuente de Clasificación Damaged status Withdrawn status
RE 918.5 L539 1085081 Colección Vera Bejar 1   Restringido Víctor Andrés Belaunde Víctor Andrés Belaunde Planta baja cerrada 03/10/2025 Donación 03/12/2025   03/12/2025 Enciclopedia Bueno Dewey Decimal Classification   Withdrawn